Det uferdige: bidrag til politisk aksjonsteori

Gespeichert in:  
Bibliographische Detailangaben
1. VerfasserIn: Mathiesen, Thomas 1933-2021 (Verfasst von)
Medienart: Druck Buch
Sprache:Finnisch
Veröffentlicht: Oslo Pax Forl. 1971
In: Pax (298)
Jahr: 1971
Bestand in Tübingen:In Tübingen vorhanden.
UB: KB 2 A 422-5
Verfügbarkeit prüfen: HBZ Gateway
Subito Bestelldienst: Jetzt bestellen.

MARC

LEADER 00000cam a22000002c 4500
001 1095065688
003 DE-627
005 20220514144646.0
007 tu
008 910731s1971 xx ||||| 00| ||fin c
035 |a (DE-627)1095065688 
035 |a (DE-576)025065688 
035 |a (DE-599)BSZ025065688 
035 |a (OCoLC)15144703 
040 |a DE-627  |b ger  |c DE-627  |e rakwb 
041 |a fin 
100 1 |a Mathiesen, Thomas  |d 1933-2021  |0 (DE-588)119217295  |0 (DE-627)080015883  |0 (DE-576)162159056  |4 aut 
109 |a Mathiesen, Thomas 1933-2021  |a Matisen, Tomas 1933-2021 
245 1 0 |a Det uferdige  |b bidrag til politisk aksjonsteori  |c Thomas Mathiesen 
264 1 |a Oslo  |b Pax Forl.  |c 1971 
300 |a 131 S. 
336 |a Text  |b txt  |2 rdacontent 
337 |a ohne Hilfsmittel zu benutzen  |b n  |2 rdamedia 
338 |a Band  |b nc  |2 rdacarrier 
490 1 |a Pax  |v 298 
583 1 |a Archivierung prüfen  |c 20200919  |f DE-640  |z 1  |2 pdager 
830 0 |a Pax  |v 298  |9 298  |w (DE-627)171078284  |w (DE-576)024273597  |w (DE-600)1148656-9  |7 am 
951 |a BO 
ELC |b 1 
LOK |0 000 xxxxxcx a22 zn 4500 
LOK |0 001 2168978115 
LOK |0 003 DE-627 
LOK |0 004 1095065688 
LOK |0 005 20020606000000 
LOK |0 008 910731||||||||||||||||ger||||||| 
LOK |0 040   |a DE-21  |c DE-627  |d DE-21 
LOK |0 852   |a DE-21 
LOK |0 852 1  |c KB 2 A 422-5  |9 00 
LOK |0 935   |a krim 
LOK |0 936ln  |a k2.4 
LOK |0 939   |a 31-07-91  |b l01 
ORI |a SA-MARC-krimdoka001.raw 
SIG |a UB: KB 2 A 422-5